| 000 | 00935nam a2200217 a 4500 | ||
|---|---|---|---|
| 001 | BRCA_1450 | ||
| 005 | 20190320203432.0 | ||
| 008 | 920918s1991 mx-a---##b---#000-0#spa-d | ||
| 050 | 4 |
_aND250.B3 _b.V37 1991 |
|
| 245 | 1 | 0 |
_aVariantes del estilo realista _ben la colección pictórica del Banco Nacional de México : siglos XVIII-XX _cinvestigación y textos Leticia Ivette Gámez Ludgar. |
| 260 |
_aMéxico _bMuseo Biblioteca Pape _c[1991] |
||
| 300 |
_a78 p. _bil. a color _c21 cm. |
||
| 500 | _aCatálogo de la exposición realizada en el Museo Biblioteca Pape (Monclova Coahuila, México), marzo - junio, 1991 | ||
| 500 | _aIncluye índice de laminas | ||
| 504 | _aBibliografía: p. 78 | ||
| 610 | 2 | 4 |
_aBanco Nacional de México _vCatálogos _94746 |
| 650 | 1 | 4 |
_aPintura mexicana _vCatálogos _xTemas, motivos _94747 |
| 650 | 1 | 4 |
_aPinturas _vCatálogos _zMéxico _94748 |
| 700 | 1 |
_aGámez Ludgar, Leticia Ivette _94749 |
|
| 942 |
_2lcc _cB |
||
| 999 |
_c1312 _d1312 |
||